[Event "Rio de Janeiro Regional Sudeste"]
[Site "Rio de Janeiro"]
[Date "2013.03.31"]
[Round "6"]
[White "Reis, Evandro de Laet Jr"]
[Black "De Morais, Wagner Soares"]
[Result "1-0"]
[WhiteElo "2024"]
[BlackElo "1817"]
[PlyCount "101"]
[EventDate "2013.03.29"]
[EventType "swiss"]
[EventRounds "6"]
[EventCountry "BRA"]
[SourceTitle "CBM 153 Extra"]
[Source "ChessBase"]
[SourceDate "2013.04.22"]
[SourceVersion "1"]
[SourceVersionDate "2013.04.22"]
[SourceQuality "1"]

1. e4 c5 2. Nf3 d6 3. d4 cxd4 4. Nxd4 Nc6 5. Nc3 Nf6 6. Be2 g6 7. Be3 Bg7 8. f3 0-0 9. Qd2 Nxd4 10. Bxd4 Be6 11. 0-0 Qa5 12. Kh1 Rfc8 13. Rad1 a6 14. Bxf6 exf6 15. Qxd6 Rd8 16. Qf4 Rxd1 17. Rxd1 Rd8 18. Rxd8+ Qxd8 19. Bd3 h5 20. Qe3 Kh7 21. Qc5 Bh6 22. Nd5 Kg7 23. Qd4 Kf8 24. Qxf6 Qxf6 25. Nxf6 Bxa2 26. b3 Bg7 27. Nd7+ Ke8 28. Nc5 a5 29. Nxb7 a4 30. Bb5+ Ke7 31. Bxa4 Bb1 32. c4 Bc3 33. g3 Bb4 34. c5 Bd3 35. Bc6 Ba6 36. Bd5 Bxb7 37. Bxb7 Bxc5 38. Kg2 f6 39. h3 g5 40. Ba6 Ke6 41. f4 Bb4 42. Kf3 Be1 43. Bc4+ Kd6 44. Bf7 h4 45. gxh4 Bxh4 46. Kg4 Ke7 47. Bc4 Kd6 48. b4 Kc6 49. e5 fxe5 50. fxg5 Be1 51. g6 1-0

[Event "Rio de Janeiro Regional Sudeste"]
[Site "Rio de Janeiro"]
[Date "2013.03.30"]
[Round "4"]
[White "Reis, Evandro de Laet Jr"]
[Black "Serpa, Rafael Araujo"]
[Result "1/2-1/2"]
[WhiteElo "2024"]
[BlackElo "1931"]
[PlyCount "68"]
[EventDate "2013.03.29"]
[EventType "swiss"]
[EventRounds "6"]
[EventCountry "BRA"]
[SourceTitle "CBM 153 Extra"]
[Source "ChessBase"]
[SourceDate "2013.04.22"]
[SourceVersion "1"]
[SourceVersionDate "2013.04.22"]
[SourceQuality "1"]

1. e4 c5 2. Nf3 d6 3. d4 cxd4 4. Nxd4 Nf6 5. Nc3 g6 6. Be3 Bg7 7. f3 0-0 8. Qd2 Nc6 9. Bc4 Bd7 10. 0-0-0 Ne5 11. Bb3 Qa5 12. Kb1 Rfc8 13. h4 Rab8 14. Bg5 h5 15. Bxf6 Bxf6 16. Nd5 Qxd2 17. Nxf6+ exf6 18. Rxd2 Kf8 19. Rhd1 Ke7 20. Ne2 Rc6 21. Nc3 Be6 22. a4 Bxb3 23. cxb3 a6 24. Ka2 Rd8 25. Rd4 Rc5 26. Rb4 Rd7 27. Rb6 Nc6 28. f4 Ke6 29. g3 f5 30. exf5+ Kxf5 31. Nd5 Ke6 32. Nc3 Kf5 33. Nd5 Ke6 34. Ne3 a5 1/2-1/2

[Event "Rio de Janeiro Regional"]
[Site "Rio de Janeiro"]
[Date "2012.10.26"]
[Round "1"]
[White "Reis, Evandro de Laet Jr"]
[Black "Rodrigues, Nei Jorge"]
[Result "1/2-1/2"]
[WhiteElo "1800"]
[BlackElo "2051"]
[PlyCount "91"]
[EventDate "2012.10.26"]
[EventType "swiss"]
[EventRounds "6"]
[EventCountry "BRA"]
[SourceTitle "EXT 2013"]
[Source "ChessBase"]
[SourceDate "2012.11.22"]
[SourceVersion "1"]
[SourceVersionDate "2012.11.22"]
[SourceQuality "1"]

1. e4 d6 2. f4 Nf6 3. Nc3 c6 4. Nf3 Bg4 5. Be2 g6 6. 0-0 Bg7 7. d3 0-0 8. Be3 Qc7 9. Qd2 Nbd7 10. Kh1 b5 11. h3 Bxf3 12. Bxf3 Rab8 13. Ne2 Nb6 14. c3 Rbd8 15. Ng3 Rd7 16. Qf2 e5 17. Ne2 Re8 18. Qh4 Rde7 19. f5 Nbd7 20. g4 gxf5 21. g5 f4 22. Bf2 Nxe4 23. Bxe4 Nf8 24. Bf5 c5 25. Be4 Qd7 26. Qg4 Ne6 27. Rad1 d5 28. Bf5 Qd6 29. Ng1 Qc6 30. Rfe1 a5 31. Nf3 Nf8 32. Nh4 Ng6 33. Qg2 Rc7 34. c4 bxc4 35. dxc4 d4 36. Be4 Qa4 37. Nf5 Rb8 38. Rd2 Qxa2 39. Nxg7 Kxg7 40. Bxg6 hxg6 41. Qe4 Rcb7 42. Qxe5+ Kg8 43. Qxc5 Rxb2 44. Rxb2 Qxb2 45. Bxd4 Qb3 46. Qe5 1/2-1/2

[Event "Rio de Janeiro Fexerj op"]
[Site "Rio de Janeiro"]
[Date "2012.09.02"]
[Round "7"]
[White "Reis, Evandro de Laet Jr"]
[Black "Carvalho, Renato Luiz"]
[Result "1/2-1/2"]
[WhiteElo "1972"]
[BlackElo "2067"]
[PlyCount "74"]
[EventDate "2012.08.25"]
[EventType "swiss"]
[EventRounds "7"]
[EventCountry "BRA"]
[SourceTitle "CBM 150 Extra"]
[Source "ChessBase"]
[SourceDate "2012.10.19"]
[SourceVersion "1"]
[SourceVersionDate "2012.10.19"]
[SourceQuality "1"]

1. e4 c5 2. Nf3 Nc6 3. d4 cxd4 4. Nxd4 Nf6 5. Nc3 e6 6. Ndb5 Bb4 7. Nd6+ Ke7 8. Nxc8+ Rxc8 9. Bd3 d5 10. exd5 Nxd5 11. Bd2 Nxc3 12. bxc3 Bd6 13. 0-0 Qc7 14. f4 g6 15. Qe1 Rce8 16. Rb1 f5 17. Kh1 Kd7 18. Bb5 Kc8 19. Qf2 e5 20. fxe5 Rxe5 21. Be3 Re7 22. Bxa7 Nxa7 23. Qxa7 Bc5 24. Qa8+ Qb8 25. Qa4 Qa7 26. Qc4 Rf8 27. Rfd1 Rc7 28. Qe6+ Kb8 29. Qe5 Kc8 30. Qe6+ Kb8 31. Be8 Be7 32. Bb5 Qc5 33. Rb3 Rf6 34. Qg8+ Ka7 35. Rd4 Rf8 36. Qe6 Rf6 37. Qg8 Rf8 1/2-1/2